Normal view
MARC view
- Hazardous substances
Entry Topical Term
001 - CONTROL NUMBER
- control field: 6969
003 - CONTROL NUMBER IDENTIFIER
- control field: NUST
005 - DATE AND TIME OF LATEST TRANSACTION
- control field: 20171206101731.0
008 - FIXED-LENGTH DATA ELEMENTS
- fixed length control field: 171206|| aca||aabn | a|a d
040 ## - CATALOGING SOURCE
- Original cataloging agency: NUST
- Transcribing agency: NUST
150 ## - HEADING--TOPICAL TERM
- Topical term or geographic name entry element: Hazardous substances
- General subdivision: Accidents
- Form subdivision: Handbooks, manuals, etc.
670 ## - SOURCE DATA FOUND
- Source citation: Work cat.: (NUST)0: Cashman, John R. 6968, Emergency response to chemical and biological agents /, c2000.
